000 00672nam a2200217Ia 4500
005 20241129111111.0
008 241129s9999||||xx |||||||||||||| ||und||
020 _a978-1-032-41786-8
037 _aTB
040 _aCRL
_beng
_cCRL
041 _aeng
_2eng
084 _aW94:(Y15:3) R2
_qCRL
100 _aBasu Amrita Ed.; Sarkar Tanika Ed.
_9723301
245 0 _aWomen, gender and religious nationalism
_cBasu Amrita Ed.; Sarkar Tanika Ed.
260 _aCambridge, UK
_bUniversity Press
_c2022
300 _ax,360p.
365 _aINR
_b1550
650 _aPolitical ScienceNationality
_9726285
942 _cTB
_hW94:(Y15:3) R2
999 _c1228922
_d1228922